Philby (Record no. 113898)

MARC details
000 -LEADER
campo de control de longitud fija 00559nam a2200181 4500
001 - NÚMERO DE CONTROL
campo de control 113898
003 - IDENTIFICADOR DE NÚMERO DE CONTROL
campo de control ES-MaACL
007 - CAMPO FIJO DE DESCRIPCIÓN FÍSICA--INFORMACIÓN GENERAL
campo de control de longitud fija t|
008 - DATOS DE LONGITUD FIJA--INFORMACIÓN GENERAL
campo de control de longitud fija 061121s1968 sp r ||||1| spa d
100 1# - ENTRADA PRINCIPAL--NOMBRE DE PERSONA
Nombre de persona Page, Bruce.
9 (RLIN) 88261
245 10 - MENCIÓN DEL TÍTULO
Título Philby
Resto del título : el espía que engañó a una generación /
Mención de responsabilidad, etc. Bruce Page, David Leitch, Phillip Knightley.
250 ## - MENCION DE EDICION
Mención de edición [1ª ed.].
260 ## - PUBLICACIÓN, DISTRIBUCIÓN, ETC.
Lugar de publicación, distribución, etc. Barcelona :
Nombre del editor, distribuidor, etc. Destino,
Fecha de publicación, distribución, etc. 1968.
300 ## - DESCRIPCIÓN FÍSICA
Extensión 301 p. 8 láms. ;
Dimensiones 25 cm.
700 1# - ENTRADA AGREGADA--NOMBRE PERSONAL
Nombre de persona Leitch, David.
9 (RLIN) 71400
700 1# - ENTRADA AGREGADA--NOMBRE PERSONAL
Nombre de persona Knightley, Phillip.
9 (RLIN) 68351
852 ## - LOCALIZACIÓN
Ubicación ES-MaACL
Número de control de estantería G-5444
Sublocalización o colección R.66161
Holdings
Estatus retirado Estado de pérdida Estado de daño No para préstamo Biblioteca de origen Biblioteca actual Ubicación en estantería Fecha de adquisición Fuente de adquisición Total de préstamos Signatura topográfica completa Código de barras Visto por última vez Precio de reemplazo Tipo de ítem Koha
        Biblioteca del Ateneo de Madrid Biblioteca del Ateneo de Madrid Depósito 2 17/01/2008     G-5444 1118786 23/02/2023 23/02/2023 Libro impreso